00768nam a2200193Ia 4500952010000000999001700100005001700117008004100134020001800175050002400193100003900217245007800256260003500334300002400369500004200393519010100435650003100536942000700567 00104070a12b12d2018-05-16l0oTK5105.8885A26 M37p12 004473r2018-05-16t1w2018-05-16yLB c73703d7370320231102151123.0180516s 2007mx m|||| |||| 00| 0 spa d a9789701512623 aTK5105.8885A26bM37 aMartín Sierra, Antonio J.eautor aDesarrollo de aplicaciones web con ASP.NET 2.0c/ Antonio Martín Sierra aMéxico : bAlfaomegac, 2007 axxii, 440 páginas aíndice alfabético Apéndices: A. aPlan Flexible / bTecnologías de la Información / cTopicos Actuales (P20-2) / d(12 004473) aPROGRAMAS PARA COMPUTADORA cLB